000 00617nam a22001817a 4500
005 20251127124415.0
008 251124b |||||||| |||| 00| 0 eng d
020 _a978-93-91208-60-8
041 _aeng
082 _a615 PAT-M
100 _aPATIL, DR. VIKAS V. & PATIL, DR. JAYVADAN K. AND PATIL, MR. KETAN B. & PATIL, MR. NARENDRA B.
_98783
245 _aMCQS BOOK FOR PHARMACY: GPAT/NIPER/DIPLOMA EXIT ENTRANCE EXAMS ORIENTED TO D.& B PHARM STUDENTS
250 _a1ST ED, 2022
260 _aNEW DELHI
_bINNOVATIVE PUBLICATIONS PVT.LTD
_c2023
300 _a146;P
650 _aPHARMACY
_xB.PHARMA
942 _cBK
999 _c8960
_d8958